000 00751nam a2200217Ia 4500
003 GCL
008 140319s9999 xx 000 0 ara d
020 _a7608205292
040 _aGCL /
_cGCL
082 0 4 _a325.1
_bن هـ
100 1 _aنبيل خورى
245 1 0 _aالهجرة وحركة القوى العاملة والهجرة العائدة /
_cنبيل خورى
250 _aالاولى
260 _aالقاهرة :
_bالجهاز المركزى للتعبئة العامة والاحصاء ،
_c1993
300 _a207 ص ؛
_c24 سم
650 0 4 _aالهجرة
650 0 4 _aالهجرة - الجوانب الاقتصادية
650 0 4 _aمصر - الهجرات
650 0 4 _aالسياسة السكانية
942 _2ddc
_cBK
999 _c6795
_d6795